书目信息 |
| 题名: |
驻军10年
|
|
| 作者: | 魏纪奎 , 董滨 著 | |
| 分册: | ||
| 出版信息: | 长沙 湖南科学技术出版社 2007.08 |
|
| 页数: | 173页 | |
| 开本: | 21cm | |
| 丛书名: | ||
| 单 册: | ||
| 中图分类: | I253.2 | |
| 科图分类: | ||
| 主题词: | 中国人民解放军--zhong guo ren min jie fang jun--香港特别行政区--1997-2007--史料 , 报告文学--bao gao wen xue--中国--现代 | |
| 电子资源: | ||
| ISBN: | 978-7-5357-4973-4 | |
| 000 | 01054nam0 2200277 450 | |
| 001 | 012008506676 | |
| 005 | 20080425150645.23 | |
| 010 | @a978-7-5357-4973-4@dCNY27.00 (含光盘) | |
| 016 | @aCN-Z18-07-013-00@b光盘 | |
| 100 | @a20080425d2007 em y0chiy0120 ea | |
| 101 | 0 | @achi |
| 102 | @aCN@b430000 | |
| 105 | @aa z 000zy | |
| 106 | @ar | |
| 200 | 1 | @a驻军10年@Azhu jun 10 nian@e驻军香港十年大扫描@f魏纪奎, 董滨著@Fwei ji kui,dong bin zhu |
| 210 | @a长沙@c湖南科学技术出版社@d2007.08 | |
| 215 | @a173页@c图@d21cm@e光盘1片 | |
| 330 | @a本书讲述驻港官兵鲜为人知的故事经历,揭秘香江彼岸军旅生活的传奇内幕,真情呈现肩负特殊使命、弘扬光荣历史的当代军人风采。 | |
| 517 | 1 | @a驻军香港十年大扫描@Azhu jun xiang gang shi nian da sao miao |
| 606 | 0 | @a中国人民解放军@Azhong guo ren min jie fang jun@y香港特别行政区@z1997-2007@j史料 |
| 606 | 0 | @a报告文学@Abao gao wen xue@y中国@z现代 |
| 690 | @aI253.2@v4 | |
| 701 | 0 | @a魏纪奎@Awei ji kui@4著 |
| 701 | 0 | @a董滨@Adong bin@4著 |
| 801 | 0 | @aCN@bQSSK@c20080425 |
| 905 | @b297359-61@dI253.2@eW586@f3 | |
| 驻军10年:驻军香港十年大扫描/魏纪奎, 董滨著.-长沙:湖南科学技术出版社,2007.08 |
| 173页:图;21cm+光盘1片 |
| ISBN 978-7-5357-4973-4:CNY27.00 (含光盘) |
| 本书讲述驻港官兵鲜为人知的故事经历,揭秘香江彼岸军旅生活的传奇内幕,真情呈现肩负特殊使命、弘扬光荣历史的当代军人风采。 |
| ● |
| 相关链接 |
|
|
|
正题名:驻军10年
索取号:I253.2/W586
 
预约/预借
| 序号 | 登录号 | 条形码 | 馆藏地/架位号 | 状态 | 备注 |
| 1 | 297359 | 202973595 | 文学库108/108文学库 68排1列5层/ [索取号:I253.2/W586] | 在馆 | |
| 2 | 297360 | 202973602 | 文学库108/108文学库 68排1列5层/ [索取号:I253.2/W586] | 在馆 | |
| 3 | 297361 | 202973611 | 文学库108/108文学库 68排1列5层/ [索取号:I253.2/W586] | 在馆 |